000
00269nam a2200097Ia 4500
001
703775
005
20250826162358.0
008
250824s9999 xx 000 0 und d
245
0
_a
ŞİRİN CAN KURTARAN BAYRAM HARÇLIĞI
_c
BİRSEN EKİM ÖZEN
260
_b
TİMAŞ YAYINLARI
999
_c
703775
_d
703775